Closest country acrostics- M countries part 1 - Statistics

General Stats
  • This quiz has been taken 516 times
  • The average score is 47 of 64
Answer Stats
Hint Answer % Correct
A Albania
96%
C Croatia
95%
O Oman
94%
D Denmark
92%
M Montenegro
91%
A Angola
88%
I Italy
86%
Y Yemen
86%
A Austria
85%
E Egypt
85%
D Djibouti
84%
A Angola
83%
R Rwanda
83%
I Indonesia
82%
L Laos
81%
M Mauritius
81%
N Netherlands
81%
A Algeria
80%
I India
80%
M Mauritania
80%
S Singapore
80%
M Mozambique
79%
A Algeria
78%
L Lesotho
78%
T Tunisia
78%
A Albania
77%
G Gabon
77%
S Seychelles
77%
L Liberia
76%
V Vietnam
76%
A Australia
75%
C Comoros
75%
L Libya
75%
D Djibouti
74%
L Laos
74%
A Afghanistan
73%
A Afghanistan
73%
I Italy
73%
M Malaysia
73%
A Australia
72%
L Laos
72%
S Solomon Islands
72%
I Indonesia
71%
M Montenegro
71%
A Azerbaijan
70%
I Israel
70%
N Nauru
70%
A Afghanistan
69%
A Armenia
68%
A Azerbaijan
68%
E Ethiopia
68%
H Honduras
68%
M Maldives
68%
S Sri Lanka
67%
S Samoa
65%
A Armenia
63%
A Afghanistan
61%
R Russia
61%
A Azerbaijan
55%
D Dominican Republic
52%
S South Korea
48%
L Latvia
41%
L Lithuania
41%
M Mongolia
39%
No matching quizzes found
Score Distribution
Percent of People with Each Score
Percentile by Number Answered
Your Score History
You have not taken this quiz